000 00451nam a2200169 i 4500
001 26084
003 ES-MaACL
005 20230906153401.0
007 t|
008 030107s1965 sp ||||1| spa d
100 1 _aAresti, Juan María de.
_922646
245 1 3 _aEl intruso /
_cJuan María de Aresti.
250 _a[1ª ed.].
260 _aBarcelona :
_bLuis de Caralt,
_c1965.
300 _a460 p. ;
_c21 cm.
852 _aES-MaACL
_jC-27263
_bR.56444
999 _c26084
_d26084